01029pam a2200193 i 4500001000700000003000400007005001700011008002500028020003800053040000800091082002300099100003400122245004700156264004500203300004000248521049900288650001800787650003000805465131KPN20260429113654.020260429b 00| 0 my d a9789833653713qpaperbackcRM18.00 cKPN04aBM FK EZE 20072230 aEzee Rahmani,d1962-eauthor.10aSarah dan kasut tumit tinggicEzee Rahmani 1aKuala Lumpur :bPts One Sdn. Bhd.,c2007 a274 pages :billustrations ;c19 cm aSarah yang meminati kasut tinggi sejak kecil lagi dan berazam ingin memilikinya pada suatu hari nanti. Sebaik sahaja menjangkau umur 13 tahun, Sarah sudah boleh memakai kasut tinggi Mak Su yang bekerja sebagai jururawat. Pucuk dicita ulam mendatang apabila Mak Su menghadiahkan kasut. Ketaksuban Sarah tidak dapat dikawal kerana Sarah memakai kasut tinggi tanpa mengira tempat mahupun situasi. Apa yang terjadi kepada Sarah? Dapatkah sepasang kasut mengubah perwatakan dan pemikiran seseorang?10aMalay fiction20aMalaysian fiction (Malay)